The classical groups their invariants and representations /

Enregistré dans:
Détails bibliographiques
Auteur principal: Weyl, Hermann (Auteur)
Format: Livre
Langue:anglais
Publié: Princeton : Princeton University Press, 1946
Édition:1.vyd.
Tags: Ajouter un tag
Pas de tags, Soyez le premier à ajouter un tag!

MARC

LEADER 00000nam a22000003a 4500
001 stu4640
005 20150617225810.8
008 931012s1946----xxu-----------------eng-d
040 |a STU  |b slo 
041 0 |a eng 
044 |a xxu 
080 |a 512.54/.56 
100 1 |a Weyl, Hermann  |4 aut 
245 1 |a The classical groups their invariants and representations /  |c [aut.] Weyl,Hermann 
250 |a 1.vyd. 
260 |a Princeton :  |b Princeton University Press,  |c 1946 
300 |a 320 s 
996 |b E78320  |c E*78320  |l EE03  |s P  |a 0  |w stu4640_0001